Norway Immigration by Country - Statistics

General Stats
  • This quiz has been taken 3,025 times
    2,643 since last reset
  • The average score is 15 of 22
Answer Stats
# People Country of Origin % Correct
38,854 Sweden
98%
16,154 United Kingdom
95%
21,010 Denmark
93%
22,191 Russia
90%
28,258 Germany
89%
115,416 Poland
87%
36,026 Syria
82%
19,135 India
80%
34,268 Iraq
78%
23,331 Iran
76%
38,674 Pakistan
74%
20,075 Turkey
73%
21,942 Afghanistan
67%
43,273 Somalia
63%
17,653 Romania
59%
47,304 Lithuania
54%
23,655 Vietnam
51%
22,194 Thailand
48%
18,542 Bosnia and Herzegovina
41%
26,334 Philippines
41%
29,102 Eritrea
34%
16,357 Kosovo
28%
No matching quizzes found
Score Distribution
Percent of People with Each Score
Percentile by Number Answered
Your Score History
You have not taken this quiz since the last reset